A szegedi Fül-Orr-Gégészeti Klinika a régió legmodernebb intézményévé lép elő 2020-ra

Elmentve itt :
Bibliográfiai részletek
Dokumentumtípus: Cikk
Megjelent: 2018-04-11
Sorozat:Tervlap.hu
Kulcsszavak:Fül-Orr-Gégészeti és Fej-Nyaksebészeti Klinika, Általános Orvostudományi Kar, Szent-Györgyi Albert Klinikai Központ, Rovó László - tanszékvezető, Felújítás, Kormánytámogatás, Betegellátás
Online Access:http://univ.bibl.u-szeged.hu/48165
LEADER 00747nab a2200157 i 4500
001 univ48165
005 20180416124042.0
008 180416s2018 hu o 0|| zxx d
040 |a SZTE UnivHistória Repozitórium  |b hun 
041 |a zxx 
245 0 2 |a A szegedi Fül-Orr-Gégészeti Klinika a régió legmodernebb intézményévé lép elő 2020-ra  |h [elektronikus dokumentum] 
260 |c 2018-04-11 
490 0 |a Tervlap.hu 
561 |a Egyetemi hirarchívum 
695 |a Fül-Orr-Gégészeti és Fej-Nyaksebészeti Klinika, Általános Orvostudományi Kar, Szent-Györgyi Albert Klinikai Központ, Rovó László - tanszékvezető, Felújítás, Kormánytámogatás, Betegellátás 
856 4 0 |u http://univ.bibl.u-szeged.hu/48165/1/6053.pdf  |z Dokumentum-elérés